Traditions of Indian folk dance (Record no. 143453)

MARC details
000 -LEADER
fixed length control field 00407nam a2200145Ia 4500
005 - DATE AND TIME OF LATEST TRANSACTION
control field 20240821160020.0
008 - FIXED-LENGTH DATA ELEMENTS--GENERAL INFORMATION
fixed length control field 240821s9999||||xx |||||||||||||| ||und||
082 ## - DEWEY DECIMAL CLASSIFICATION NUMBER
Classification number 793.310954 VAT
100 ## - MAIN ENTRY--PERSONAL NAME
Personal name Vatsyayan, Kapila
245 #0 - TITLE STATEMENT
Title Traditions of Indian folk dance
260 ## - PUBLICATION, DISTRIBUTION, ETC.
Place of publication, distribution, etc. New Delhi
Name of publisher, distributor, etc. Clarion Books(Division of Hind Pocket Books Ltd.)
Date of publication, distribution, etc. 2015
300 ## - PHYSICAL DESCRIPTION
Extent 319p
650 ## - SUBJECT ADDED ENTRY--TOPICAL TERM
Topical term or geographic name entry element Performing arts
942 ## - ADDED ENTRY ELEMENTS (KOHA)
Koha item type Book
Holdings
Withdrawn status Lost status Damaged status Not for loan Home library Current library Date acquired Total checkouts Barcode Date last seen Price effective from Koha item type
        Library and Documentation Division NCERT Library and Documentation Division NCERT 08/21/2024   131484 08/21/2024 08/21/2024 Book